[Event "GER-ch U08"]
[Site "Willingen"]
[Date "2023.06.01"]
[Round "3"]
[White "Stopp, Bruno"]
[Black "Liu, Jonas"]
[Result "0-1"]
[WhiteElo "1170"]
[BlackElo "1039"]
[PlyCount "124"]
[EventDate "2023.05.30"]
[EventType "swiss"]
[EventRounds "7"]
[EventCountry "GER"]
[SourceTitle "CBM 214 Extra"]
[Source "ChessBase"]
[SourceDate "2023.07.31"]
[SourceVersion "1"]
[SourceVersionDate "2023.07.31"]
[SourceQuality "1"]

1. e4 c5 2. Nf3 d6 3. c3 Nf6 4. Be2 e6 5. 0-0 Be7 6. Re1 0-0 7. Qc2 Nc6 8. d4 Bd7 9. Bf4 cxd4 10. cxd4 Rc8 11. Nc3 d5 12. e5 Ne4 13. Nxe4 Nxd4 14. Qd3 Nxe2+ 15. Rxe2 dxe4 16. Qxe4 Bc6 17. Qe3 Bc5 18. Qc3 Bb5 19. Rd2 Bxf2+ 20. Kxf2 Rxc3 21. Rxd8 Rc2+ 22. Rd2 Rxd2+ 23. Bxd2 Rc8 24. Rc1 Rd8 25. Rc3 Bc6 26. Ke3 h6 27. Nd4 Bxg2 28. Ra3 a6 29. Ba5 Rd5 30. Bc7 f6 31. exf6 e5 32. Nf3 gxf6 33. Ke4 Rd2 34. Ke3 Rxb2 35. Rb3 Rxa2 36. Nh4 Bc6 37. Nf5 Kh7 38. Ne7 Rxh2 39. Nxc6 Rh3+ 40. Ke4 Rxb3 41. Na5 Rb4+ 42. Kd3 h5 43. Bb8 h4 44. Ba7 h3 45. Bg1 Rg4 46. Bh2 Rg2 47. Nc4 Rxh2 48. Ne3 Rf2 49. Ng4 Rf4 50. Nh2 Rf2 51. Ng4 Rg2 52. Nxf6+ Kg6 53. Nd7 h2 54. Nxe5+ Kf5 55. Kc4 Kxe5 56. Kc5 h1Q 57. Kb6 Qc1 58. Ka7 Qc7 59. Ka8 Rg8+ 60. Ka7 b6+ 61. Kxa6 Qc6 62. Ka7 Ra8# 0-1